logoz #3 - Statistics

General Stats
  • This quiz has been taken 36 times
  • The average score is 18 of 21
Answer Stats
Picture Hint Answer % Correct
Streaming service Disney+
100%
Toys Lego
100%
Tech Spotify
100%
Fashion Puma
97%
Social Snapchat
97%
Cars Toyota
97%
Tech Twitter
97%
Cars BMW
94%
Restaurant Burger King
94%
Chocolate Lindt
94%
MagaZine Playboy
94%
Games Xbox
94%
Fashion Gucci
91%
Retail Walmart
91%
Fashion North Face
84%
Tech Beats by Dre
81%
Food Nestlé
72%
Cars Škoda
69%
Telecom AT and T
59%
Fashion Tiffanys
31%
Football CFB
19%
No matching quizzes found
Score Distribution
Percent of People with Each Score
Percentile by Number Answered
Your Score History
You have not taken this quiz